Fluid Mechanics (Record no. 563954)

000 -LEADER
fixed length control field 00305nam a2200121Ia 4500
008 - FIXED-LENGTH DATA ELEMENTS--GENERAL INFORMATION
fixed length control field 210430s9999 xx 000 0 und d
082 ## - DEWEY DECIMAL CLASSIFICATION NUMBER
Classification number 532W571 F
100 ## - MAIN ENTRY--PERSONAL NAME
Personal name Frank M White
9 (RLIN) 10449
245 ## - TITLE STATEMENT
Title Fluid Mechanics
Statement of responsibility, etc. Frank M White
260 ## - PUBLICATION, DISTRIBUTION, ETC.
Place of publication, distribution, etc. India
Name of publisher, distributor, etc. Graw-Hill
Date of publication, distribution, etc. 2008
300 ## - PHYSICAL DESCRIPTION
Extent 794p
942 ## - ADDED ENTRY ELEMENTS (KOHA)
Koha item type Book
Source of classification or shelving scheme
Holdings
Withdrawn status Lost status Damaged status Not for loan Collection code Permanent Location Current Location Shelving location Date acquired Total Checkouts Total Renewals Full call number Barcode Date last seen Date last checked out Price effective from Koha item type
          School of Chemical & Materials Engineering (SCME) School of Chemical & Materials Engineering (SCME) General Stacks   2 1 532W571 F SCME-3133 06/10/2024 06/23/2023 04/30/2021 Book
© 2023 Central Library, National University of Sciences and Technology. All Rights Reserved.